| 000 | 00692nam a2200229 i 4500 | ||
|---|---|---|---|
| 001 | 56872 | ||
| 003 | ES-MaACL | ||
| 005 | 20250727062557.0 | ||
| 007 | t| | ||
| 008 | 031014s1976 sp ||||1| spa d | ||
| 100 | 1 |
_aDobb, Maurice. _944930 |
|
| 245 | 1 | 0 |
_aArgumentos sobre el socialismo / _cMaurice Dobb ; traducción de Antonio Gallifa. |
| 250 | _a[3ª ed.]. | ||
| 260 |
_a[Madrid] : _bAyuso, _c[1976] |
||
| 300 |
_a109 p. ; _c18 cm. |
||
| 490 | 1 | _aBiblioteca textos socialistas | |
| 650 | 0 | 7 |
_aSocialismo _2embne _917147 |
| 700 | 1 |
_aGallifa, Antonio. _953623 |
|
| 830 | 0 |
_aBiblioteca textos socialistas _9230409 |
|
| 852 |
_aES-MaACL _jA-6212 _bR.95215 |
||
| 999 |
_c56872 _d56872 |
||